000 00630cam a22002293a 4500
001 6115
003 PGUSA
005 20140828083128.0
008 040701s2004||||xxu|||||s|||||000 | eng d
040 _aPGUSA
_beng
042 _adc
050 4 _aPS
100 1 _aKyne, Peter B.
_q(Peter Bernard),
_d1880-1957
245 1 4 _aThe Long Chance
_h[electronic resource] /
_cPeter B. Kyne
260 _bProject Gutenberg,
_c2004
506 _aPublic domain in the USA.
516 _aElectronic text
653 _aWestern stories
830 0 _aProject Gutenberg
_v6115
856 4 0 _uhttp://www.gutenberg.org/ebooks/6115
942 _cEB
999 _c235443
_d235443